By the King, a proclamation : for enlarging the time for bounty-money to such seamen and landmen as shall voluntarily come into our sea-service by the tenth of February next, and for regulating of protections.

Bibliographic Details
Corporate Author: England and Wales. Sovereign (1694-1702 : William III)
Other Authors: William III, King of England, 1650-1702
Format: Microform Book
Language:English
Series:Early English books, 1641-1700 ; 1679:15.
Subjects:

MARC

Tag First Indicator Second Indicator Subfields
LEADER 00000cam a2200000 a 4500
001 in00000947921
005 20150925161829.0
007 hd afb017baca
007 hd bfb017baaa
008 890410r19851695miu a 00010 eng d
035 |a (OCoLC)19524920 
035 |9 AES9348AM 
037 |a CL0037000061  |b University Microfilms International 
037 |b University Microfilms International, 300 N. Zeeb Rd., Ann Arbor, MI 48106 
040 |a EAH  |c EAH  |d UtOrBLW 
045 2 |b d1603  |b d1714 
049 |a TXAI 
090 |a DA86.62  |b .E53 1695 
099 |a film   |a  B   |a  3609 
110 1 |a England and Wales.  |b Sovereign (1694-1702 : William III) 
245 1 0 |a By the King, a proclamation :  |b for enlarging the time for bounty-money to such seamen and landmen as shall voluntarily come into our sea-service by the tenth of February next, and for regulating of protections. 
264 3 |a London :  |b Printed by Charles Bill, and the executrix of Thomas Newcomb ...,  |c 1694 [i.e. 1695] 
300 |a 1 broadside. 
336 |a text  |b txt  |2 rdacontent 
337 |a microform  |b h  |2 rdamedia 
338 |a microfilm reel  |b hd  |2 rdacarrier 
500 |a Reproduction of original in the British Library. 
500 |a "Given at our court at Kensington the fourteenth day of January, 1694, in the sixth year of our reign." 
510 4 |a Wing  |c W2472 
533 |a Microfilm.  |b Ann Arbor, Mich. :  |c University Microfilms International,  |d 1985.  |e 1 microfilm reel ; 35 mm.  |f (Early English books, 1641-1700 ; 1679:15) 
500 |a Microform. 
610 1 0 |a England and Wales.  |b Royal Navy  |x Pay, allowances, etc. 
651 0 |a Great Britain  |x History, Naval  |y Stuarts, 1603-1714. 
651 0 |a Great Britain  |x History  |y William and Mary, 1689-1702. 
650 0 |a Proclamations  |z Great Britain. 
651 0 |a Great Britain  |x Politics and government  |y 1689-1702. 
700 0 |a William  |b III,  |c King of England,  |d 1650-1702. 
830 0 |a Early English books, 1641-1700 ;  |v 1679:15. 
999 |a MARS 
999 f f |s d1793dce-c53b-3987-adca-854ccda997ae  |i ba70e86a-ef78-32cd-b58a-3ffcd71188f3  |t 0 
952 f f |p default  |a Texas A&M University  |b College Station  |c Sterling C. Evans Library  |d Evans: Microforms (3rd floor)  |t 0  |e film B 3609 1679:15  |h Other scheme  |i microform -- microfilm reel 
998 f f |a film B 3609 1679:15  |t 0  |l Evans: Microforms (3rd floor)